000 00631nam a2200217 i 4500
001 C2-0243878
003 PPAK
005 20180727205404.0
008 021113s1980 ph |||| ||||| | eng d
040 _aPPAK
_beng
_cPPAK
_erda
082 0 4 _a378.14
_223
090 0 0 _a378.14
_bGEN
_dKSA
245 0 0 _aGeneral Information :
_bbulletin 79/80 university of the philippines
264 1 _aPhilippines :
_bUniversity of Philippines ,
_c1980
300 _a138 pages ;
_c15 cm
336 _2rdacontent
_atext
337 _2rdamedia
_aunmediated
338 _2rdacarrier
_avolume
650 1 0 _aUniversities and colleges
942 _ddc
_cB
999 _c58293
_d58293